| 000 | 00844nam a22002057a 4500 | ||
|---|---|---|---|
| 008 | 131023t mx||||| |||| 00| 0 spa d | ||
| 050 | 0 | 4 |
_aH61 _bC37 1980 |
| 100 | 1 | _aCastro Hidalgo, Ariel | |
| 245 | 1 | 0 |
_aMetodología : _bintroducción y guía bibliográfica general : (en español) / _cAriel Castro Hidalgo y Elda Pulford Marcolini. |
| 250 | _a1a. ed. | ||
| 260 |
_aMorelia, Michoacán de Ocampo, México : _bUMSNH, Escuela de Historia, _c1980 |
||
| 300 |
_as. p. ; _c27 cm. |
||
| 440 | 0 |
_aCuadernos de Trabajo ; _nNo. 2 |
|
| 500 | _aNota : En La Pasta dice : Escuela de Historia Universidad Michoacana, 1980-1981 | ||
| 504 | _aIncluye bibliografía | ||
| 650 | 7 |
_2LEMB _aMetodología _xInvestigaciones |
|
| 650 | 7 |
_2LEMB _aCiencias sociales _xMetodología _xInvestigaciones |
|
| 700 | 1 |
_aPulford Marcolini, Elda, _ecoaut |
|
| 942 |
_2lcc _cLIB |
||
| 999 |
_c43756 _d43756 |
||